<?xml version="1.0" encoding="UTF-8"?>
<record
    xmlns:xsi="http://www.w3.org/2001/XMLSchema-instance"
    xsi:schemaLocation="http://www.loc.gov/MARC21/slim http://www.loc.gov/standards/marcxml/schema/MARC21slim.xsd"
    xmlns="http://www.loc.gov/MARC21/slim">

  <leader>02446nam a2200301   4500</leader>
  <controlfield tag="003">OSt</controlfield>
  <controlfield tag="005">20240405101523.0</controlfield>
  <controlfield tag="008">240403s2014    mx a|||f |||| 001 0 spa d</controlfield>
  <datafield tag="020" ind1=" " ind2=" ">
    <subfield code="a">9786077152354</subfield>
  </datafield>
  <datafield tag="040" ind1=" " ind2=" ">
    <subfield code="e">rda</subfield>
    <subfield code="c">CHAP</subfield>
  </datafield>
  <datafield tag="082" ind1="0" ind2="0">
    <subfield code="2">22</subfield>
    <subfield code="a">630.720972</subfield>
    <subfield code="b">V69</subfield>
  </datafield>
  <datafield tag="100" ind1="1" ind2=" ">
    <subfield code="9">188917</subfield>
    <subfield code="a">&#xC1;vila Espinosa, Felipe Arturo</subfield>
  </datafield>
  <datafield tag="245" ind1="1" ind2="0">
    <subfield code="a">Breve historia de la investigaci&#xF3;n agr&#xED;cola en M&#xE9;xico /</subfield>
    <subfield code="c">por Felipe Arturo &#xC1;vila Espinosa y Jes&#xFA;s Moncada de la Fuente</subfield>
  </datafield>
  <datafield tag="250" ind1=" " ind2=" ">
    <subfield code="a">Primera edici&#xF3;n</subfield>
  </datafield>
  <datafield tag="264" ind1=" " ind2="1">
    <subfield code="a">M&#xE9;xico:</subfield>
    <subfield code="b">Colegio de Postgraduados,</subfield>
    <subfield code="c">2014.</subfield>
  </datafield>
  <datafield tag="300" ind1=" " ind2=" ">
    <subfield code="a">240 p&#xE1;ginas:</subfield>
    <subfield code="b">Ilustraciones, cuadros</subfield>
  </datafield>
  <datafield tag="336" ind1=" " ind2=" ">
    <subfield code="2">rdacontent</subfield>
    <subfield code="a">texto</subfield>
    <subfield code="b">txt</subfield>
  </datafield>
  <datafield tag="337" ind1=" " ind2=" ">
    <subfield code="2">rdamedia</subfield>
    <subfield code="a">sin medio</subfield>
    <subfield code="b">n</subfield>
  </datafield>
  <datafield tag="338" ind1=" " ind2=" ">
    <subfield code="2">rdacarrier</subfield>
    <subfield code="a">volumen</subfield>
    <subfield code="b">nc</subfield>
  </datafield>
  <datafield tag="490" ind1="1" ind2=" ">
    <subfield code="a">Biblioteca b&#xE1;sica de agricultura</subfield>
  </datafield>
  <datafield tag="504" ind1=" " ind2=" ">
    <subfield code="a">Incluye &#xED;ndice</subfield>
  </datafield>
  <datafield tag="520" ind1=" " ind2=" ">
    <subfield code="a">Hace m&#xE1;s de treinta a&#xF1;os el Dr. Leobardo Jim&#xE9;nez inicio un esfuerzo para documentar la historia de la investigaci&#xF3;n en ciencias agr&#xED;colas en M&#xE9;xico. Diversas responsabilidades le impidieron avanzar m&#xE1;s all&#xE1; de la publicaci&#xF3;n de un primer volumen de entrevistas a los protagonistas de esa historia en ese entonces todos vivos. En la primera d&#xE9;cada de esta siglo, el Colegio de Posgraduados retom&#xF3; la iniciativa del Dr. Jim&#xE9;nez, y a la feche ha publicado cinco vol&#xFA;menes bajo el titulo gen&#xE9;rico Las Ciencias Agr&#xED;colas Mexicanas y sus Protagonistas. Por su naturaleza, las semblanzas de gente tan notable tienden a la dispersi&#xF3;n, ya que individuos con esas singularidades son propensas a ser m&#xE1;s o menos idiosincr&#xE1;ticos. Poe esas razones, en la Editorial del Colegio de postgraduados tomamos la decisi&#xF3;n de elaborar esta Historia de la Investigaci&#xF3;n en Ciencias Agr&#xED;colas en M&#xE9;xico, que abreva en los vol&#xFA;menes de la serie protagonistas. pero ocurre tambi&#xE9;n a investigaci&#xF3;n de primera mano, realizada por el Dr. Felipe &#xC1;vila en  diversos archivos de instituciones de investigaci&#xF3;n agr&#xED;cola. Completada su investigaci&#xF3;n, el Dr. &#xC1;vila sugiri&#xF3; que la obra podr&#xED;a beneficiarse con una serie de entrevistas al Dr. Jes&#xFA;s Moncada de la Fuente actualmente Director General del Colegio de Postgraduados y actor privilegiado de esta historia.</subfield>
  </datafield>
  <datafield tag="650" ind1=" " ind2="0">
    <subfield code="9">144957</subfield>
    <subfield code="a">Agricultura </subfield>
    <subfield code="x"> Historia </subfield>
    <subfield code="x"> M&#xE9;xico </subfield>
  </datafield>
  <datafield tag="650" ind1=" " ind2="4">
    <subfield code="9">154581</subfield>
    <subfield code="a">Agricultura</subfield>
    <subfield code="x">Investigaciones  </subfield>
  </datafield>
  <datafield tag="700" ind1="1" ind2=" ">
    <subfield code="9">77461</subfield>
    <subfield code="a">Moncada de la Fuente, Jes&#xFA;s</subfield>
  </datafield>
  <datafield tag="830" ind1=" " ind2="0">
    <subfield code="9">186443</subfield>
    <subfield code="a">Biblioteca B&#xE1;sica de Agricultura (Colegio de Postgraduados)</subfield>
  </datafield>
  <datafield tag="942" ind1=" " ind2=" ">
    <subfield code="2">ddc</subfield>
    <subfield code="c">LIBRO</subfield>
  </datafield>
  <datafield tag="999" ind1=" " ind2=" ">
    <subfield code="c">219829</subfield>
    <subfield code="d">219829</subfield>
  </datafield>
  <datafield tag="952" ind1=" " ind2=" ">
    <subfield code="0">0</subfield>
    <subfield code="1">0</subfield>
    <subfield code="2">ddc</subfield>
    <subfield code="4">0</subfield>
    <subfield code="5">2</subfield>
    <subfield code="7">0</subfield>
    <subfield code="8">GRAL</subfield>
    <subfield code="a">BC</subfield>
    <subfield code="b">BC</subfield>
    <subfield code="c">PP_GRAL</subfield>
    <subfield code="d">2024-04-03</subfield>
    <subfield code="l">0</subfield>
    <subfield code="o">630.720972 V69</subfield>
    <subfield code="p">33724002584037</subfield>
    <subfield code="r">2024-04-03 00:00:00</subfield>
    <subfield code="w">2024-04-03</subfield>
    <subfield code="y">LIBRO</subfield>
  </datafield>
</record>
